Beilstein Handbook of Organic Chemistry. Volume 19 Part 10
Uložené v:
| Médium: | Kniha |
|---|---|
| Vydavateľské údaje: |
Berlin :
Springer Verlag,
1988
|
| Vydanie: | 4.Edition |
| Tagy: |
Žiadne tagy, Buďte prvý, kto otaguje tento záznam!
|
MARC
| LEADER | 00000nam a22000003a 4500 | ||
|---|---|---|---|
| 001 | stu14178 | ||
| 005 | 20150408181703.2 | ||
| 008 | ------s1988----gw----------------------d | ||
| 040 | |a STU |b slo | ||
| 041 | 0 | ||
| 044 | |a gw | ||
| 080 | |a 547.7 |7 stu_us_auth*stu15545 | ||
| 245 | |a Beilstein Handbook of Organic Chemistry. Volume 19 Part 10 | ||
| 250 | |a 4.Edition | ||
| 260 | |a Berlin : |b Springer Verlag, |c 1988 | ||
| 300 | |a 925 s | ||
| 996 | |b C82921 |c C*82921 |l CCI |s A |a 24 |w stu14178_0001 | ||